00341nam a2200169Ia 4500003000900000008004100009040001300050040001300063041000800076100001600084245002100100260001400121260000900135300001100144300001000155490000600165IT-RoPAU120407s9999 xx 000 0 und d aIT-RoPAU cIT-RoPAU aita aIgnace Lepp aLa morale nuova. aEd. Ferro c1967 a266 p. c20 cm v1